Statistics for Lucha Underground Finishers

Click here to take the quiz!

General Stats

  • This quiz has been taken 16 times
  • The average score is 4 of 19

Answer Stats

WrestlerAnswer% Correct
Chavo Guerrero Jr.Frog Splash
83%
Rey Mysterio619
75%
Prince Puma630 Senton
50%
Mil MuertesFlatliner
42%
Pentagon DarkPentagon Driver
42%
FenixFenix Driver
25%
King CuernoThrill of the Hunt
25%
Dragon Azteca450 Splash
8%
The MackChocolate Thunder Bomb
8%
AngelicoFall of the Angels
8%
Son of HavocDeath from Above
0%
IvelisseDesert Eagle
0%
Johnny MundoFin del Mundo
0%
Aero StarImploding 450 Splash
0%
Mascarita SagradaMilitary Press Slam
0%
Super FlyMoonsault
0%
Sexy StarSwinging Fisherman Suplex
0%
KillshotThe Killshot
0%
MatanzaWrath of the Gods
0%

Score Distribution

Percentile by Number Answered

Percent of People with Each Score

Your Score History

You have not taken this quiz